Leonard maltin's movie and video guide 2000 / (Record no. 346902)
[ view plain ]
| 000 -LEADER | |
|---|---|
| fixed length control field | 01178 a2200169 4500 |
| 020 ## - INTERNATIONAL STANDARD BOOK NUMBER | |
| International Standard Book Number | 0451198379 (paperback) |
| 020 ## - INTERNATIONAL STANDARD BOOK NUMBER | |
| International Standard Book Number | 9780451198372 (paperback) |
| 082 04 - DEWEY DECIMAL CLASSIFICATION NUMBER | |
| Classification number | 016.7914375 |
| 090 ## - LOCALLY ASSIGNED LC-TYPE CALL NUMBER (OCLC); LOCAL CALL NUMBER (RLIN) | |
| -- | 4459 |
| -- | 4459 |
| 100 1# - MAIN ENTRY--PERSONAL NAME | |
| Personal name | Maltin, Leonard. |
| 245 10 - TITLE STATEMENT | |
| Title | Leonard maltin's movie and video guide 2000 / |
| Statement of responsibility, etc. | Leonard Maltin. |
| 260 ## - PUBLICATION, DISTRIBUTION, ETC. | |
| Place of publication, distribution, etc. | [S.l.] : |
| Name of publisher, distributor, etc. | Signet, |
| Date of publication, distribution, etc. | 1999. |
| 300 ## - PHYSICAL DESCRIPTION | |
| Extent | 1664 p. ; |
| Dimensions | 18 cm. |
| 520 ## - SUMMARY, ETC. | |
| Summary, etc. | The #1 Bestseller It's the year 2000. Time to buy a new video guide. * Special new feature: Maltin's 100 "must-see" movies of the century * 400 new entries, more than 20,000 in all * Symbols to flag 14,000+ films available on video, 9,000+ on laser disc, and 1,000+ on DVD * Updated and expanded index of stars "The best movie and video guide just got better."-- Chicago Tribune "Head and shoulders above the rest."-- New York Times "Easily the most comprehensive work of its kind anywhere. It belongs next to every TV and VCR in every home."-- USA Today "Inch for inch, dollar for dollar, Maltin's book gives you the most."-- Boston Sunday Herald. |
| 856 40 - ELECTRONIC LOCATION AND ACCESS | |
| Materials specified | Amazon.com |
| Uniform Resource Identifier | <a href="http://www.amazon.com/exec/obidos/ASIN/0451198379/chopaconline-20">http://www.amazon.com/exec/obidos/ASIN/0451198379/chopaconline-20</a> |
| 942 ## - ADDED ENTRY ELEMENTS (KOHA) | |
| Institution code [OBSOLETE] | NBS |
| Koha item type | Book |
| Call number prefix | 016.79143 MAL |
| Withdrawn status | Lost status | Source of classification or shelving scheme | Damaged status | Not for loan | Permanent Location | Current Location | Shelving location | Date acquired | Full call number | Barcode | Date last seen | Price effective from | Koha item type |
|---|---|---|---|---|---|---|---|---|---|---|---|---|---|
| Central Library (CL) | Central Library (CL) | First Floor - Journalism | 08/28/2013 | 791.43 MAL | NBS2295 | 08/28/2013 | 08/28/2013 | Book |
